Southville International School and Colleges
Your cart is empty.
  • Cart
  • Lists
    Public lists Eva Luna New books Lux_list list_1
    Your lists Log in to create your own lists
  • Log in to your account
  • Your cookies
  • Search history
Southville International School and Colleges
  • Advanced search
  • Recent comments
  • Most popular
  • Libraries

Log in to your account

Log in with GOOGLE


If you do not have an external account, but do have a local account, you can still log in:

  1. Home
  2. MARC view: Muppet treasure island /
Normal view MARC view ISBD view

Muppet treasure island / (Record no. 111604)

[ view plain ]
MARC details
000 -LEADER
fixed length control field 00790nam a2200217 a 4500
001 - CONTROL NUMBER
control field 0282
005 - DATE AND TIME OF LATEST TRANSACTION
control field 20140414131918.0
008 - FIXED-LENGTH DATA ELEMENTS--GENERAL INFORMATION
fixed length control field 040902s19uu xx 00 eng d
020 ## - INTERNATIONAL STANDARD BOOK NUMBER
International Standard Book Number 0-7497-2783-7
050 ## - LIBRARY OF CONGRESS CALL NUMBER
Classification number ER
Item number M88 1996
100 ## - MAIN ENTRY--PERSONAL NAME
Personal name Ludlow, Anna
245 ## - TITLE STATEMENT
Title Muppet treasure island /
Statement of responsibility, etc adapted by Anna Ludlow.
260 ## - PUBLICATION, DISTRIBUTION, ETC. (IMPRINT)
Place of publication, distribution, etc London :
Name of publisher, distributor, etc Muppet Press,
Date of publication, distribution, etc 1996.
300 ## - PHYSICAL DESCRIPTION
Extent 1 v. (unp.) : ill. ; cm.
440 ## - SERIES STATEMENT/ADDED ENTRY--TITLE
Title An easy to read book
500 ## - GENERAL NOTE
General note Based (very, very loosely) on the novel by Robert Louis Stevenson.
520 ## - SUMMARY, ETC.
Summary, etc Set off the high seas with Jim Hawkins and his loyal friends. They are all desperate to eat to spooky skeleton island and find Captain Flint's buried treasure.
650 ## - SUBJECT ADDED ENTRY--TOPICAL TERM
Topical term or geographic name as entry element Adventures
General subdivision fiction.
650 ## - SUBJECT ADDED ENTRY--TOPICAL TERM
Topical term or geographic name as entry element Children stories.
Holdings
Withdrawn status Lost status Damaged status Use restrictions Home library Current library Shelving location Date acquired Source of acquisition Total Checkouts Full call number Barcode Date last seen Price effective from Koha item type
        Munich Library Munich Library Easy Reading Section 09/02/2004     ER M88 1996 M2406 04/14/2014 04/14/2014 Books

Muppet treasure island /

APA

Ludlow A., . (1996). Muppet treasure island. London: Muppet Press.

Chicago

Ludlow Anna, . 1996. Muppet treasure island. London: Muppet Press.

Harvard

Ludlow A., . (1996). Muppet treasure island. London: Muppet Press.

MLA

Ludlow Anna, . Muppet treasure island. London: Muppet Press. 1996.

  • Place hold
  • Print
  • Cite
  • Add to your cart (remove)
  • Save record
    BIBTEX Dublin Core MARCXML MARC (non-Unicode/MARC-8) MARC (Unicode/UTF-8) MARC (Unicode/UTF-8, Standard) MODS (XML) RIS
  • More searches
    Search for this title in:
    Other Libraries (WorldCat) Other Databases (Google Scholar) Online Stores (Bookfinder.com) Open Library (openlibrary.org)

Exporting to Dublin Core...

SOUTHVILLE LIBRARY

Southville International School and Colleges Library

1281 Tropical Ave. Cor. Luxembourg St., BF Homes International, Las Pinas City

Tel. No. 8256374 / 252358 Loc. 117/146

Powered by Koha